000 00252nam a22001097a 4500
008 170125b xxu||||| |||| 00| 0 eng d
020 _a9781933107028
041 _aeng
080 _a618.2
245 _aFUNDAMENTALS OF NURSING
_cPLATT, D
942 _2udc
_cBK
999 _c3636
_d3636